| 000 | 00495nam a2200109Ia 4500 | ||
|---|---|---|---|
| 008 | 171204s9999 xx 000 0 und d | ||
| 245 | _aDeveloping Business Intelligence Apps for SharePoint: Combine the Power of SharePoint, LightSwitch, Power View, and SQL Server 2012 | ||
| 245 | _cDavid Feldman and Jason Himmelstein | ||
| 260 | _c2013 | ||
| 650 | _xBUSINESS INTELLIGENCE AND ANALYTICS | ||
| 856 | _uhttp://down.ebook777.com/020/Developing%20Business%20Intelligence%20Apps%20for%20SharePoint.pdf | ||
| 999 |
_c347126 _d347126 |
||